[Event "TCh-RUS Women 2019"]
[Site "Sochi RUS"]
[Date "2019.05.09"]
[Round "8.2"]
[Board "4"]
[White "Bezgodova, Svetlana"]
[Black "Balaian, Alina"]
[Result "1/2-1/2"]
[WhiteTitle "WIM"]
[BlackTitle "WIM"]
[WhiteElo "2054"]
[BlackElo "2250"]
[WhiteTeam "Ekspromt (Moscow)"]
[BlackTeam "SShOR (St. Petersburg)"]
[WhiteFideId "4110650"]
[BlackFideId "24115347"]
[EventDate "2019.05.01"]

1. Nf3 d5 2. g3 g6 3. Bg2 Bg7 4. O-O e5 5. d3 Ne7 6. Nbd2 O-O 7. e4 Nbc6 8. b3
f6 9. a4 a5 10. Bb2 Be6 11. Re1 d4 12. Nc4 Nb4 13. Qd2 c6 14. Ba3 c5 15. Nh4 Qc7
16. Rf1 g5 17. Nf3 Ng6 18. Ne1 h5 19. Qe2 h4 20. Qh5 Kf7 21. Qe2 Rh8 22. Bc1
Rag8 23. Bd2 Nc6 24. Bf3 Bf8 25. Bg4 Nf4 26. Bxe6+ Nxe6 27. Qg4 Be7 28. Kh1 Bd8
29. Nf3 Qe7 30. Rg1 h3 31. Rgf1 Bc7 32. Ng1 Rg7 33. Na3 Ke8 34. Nb5 Bb8 35. Rac1
b6 36. Na3 Ncd8 37. Nc4 Bc7 38. Qe2 Nf7 39. f3 Kf8 40. Rf2 Rh6 41. Qf1 Nh8 42.
Ne2 Ng6 43. Be1 Kg8 44. c3 Qd7 45. cxd4 exd4 46. Bd2 Qc6 47. Na3 Rhh7 48. Nb5
Ne5 49. Nexd4 Nxd4 50. Nxd4 Qd7 51. Nf5 Nxd3 52. Nxg7 Nxf2+ 53. Qxf2 Rxg7 54.
Qe2 Qe6 55. Bc3 Rd7 56. Rd1 Be5 57. Bxe5 fxe5 58. Kg1 Rd6 59. Kf2 Qd7 60. Rxd6
Qxd6 61. g4 Kf7 62. Kg3 Qh6 63. Kf2 Qd6 64. Qc4+ Ke7 65. Qc1 Qf6 66. Ke2 Kd7 67.
Qf1 Qf7 68. Qxh3 Qxb3 69. Qh7+ Kc6 70. Qg6+ Kb7 71. Qg7+ Ka6 72. Qd7 Qc2+ 73.
Kf1 Qc4+ 74. Ke1 Qc3+ 75. Ke2 Qc4+ 76. Kf2 Qd4+ 77. Qxd4 cxd4 78. h4 gxh4 79. g5
h3 80. g6 h2 81. Kg2 h1=Q+ 82. Kxh1 d3 83. g7 d2 84. g8=Q d1=Q+ 85. Kh2 Qd2+ 86.
Kh3 Qd7+ 87. Kg3 Qxa4 88. Qa8+ Kb5 89. Qd5+ Ka6 90. Qa8+ Kb5 91. Qe8+ Kb4 92.
Qxe5 Qd1 93. Qe7+ Ka4 94. e5 Qg1+ 95. Kf4 Qd4+ 96. Kf5 Qd3+ 97. Kg4 b5 98. Qd6
Qc4+ 99. f4 b4 100. e6 b3 101. Qd7+ Ka3 102. e7 Qg8+ 103. Kf3 b2 104. Qb5 Qa8+
105. Kg3 a4 106. f5 Ka2 107. e8=Q Qxe8 108. Qxe8 a3 109. Qe6+ Ka1 110. Qe5 Ka2
111. Qd5+ Ka1 112. Qd4 Ka2 113. Qc4+ Ka1 114. Qb3 a2 115. Qc3 Kb1 116. Qd3+ Kc1
117. Qc4+ Kb1 118. Qe4+ Kc1 119. Qe3+ Kc2 120. Qc5+ Kb3 121. Qb5+ Ka3 122. Qd3+
Kb4 123. Qd4+ Kb3 124. Qd5+ Ka3 125. Qc5+ Kb3 126. Qe3+ Kc2 127. Qe2+ Kc1 128.
Qc4+ Kb1 129. Qd3+ Kc1 130. Qc3+ Kb1 131. f6 a1=Q 132. f7 Qa8 133. Qe1+ Ka2 134.
Qf2 Qb8+ 135. Kg4 Qb4+ 136. Kg5 Qe7+ 137. Kg6 Qe6+ 138. Kg7 Qe5+ 139. Kh6 Qe6+
140. Kg7 1/2-1/2

[Event "TCh-RUS Women 2019"]
[Site "Sochi RUS"]
[Date "2019.05.09"]
[Round "8.3"]
[Board "2"]
[White "Kovalevskaya, Ekaterina"]
[Black "Markelova, Lubov"]
[Result "1-0"]
[WhiteTitle "IM"]
[BlackTitle "WFM"]
[WhiteElo "2413"]
[BlackElo "2199"]
[WhiteTeam "ShSM Legacy Square Capital (Moscow)"]
[BlackTeam "Ladia (Republic of Tatarstan)"]
[WhiteFideId "4116704"]
[BlackFideId "24131369"]
[EventDate "2019.05.01"]

1. c4 c6 2. e4 d5 3. exd5 cxd5 4. d4 dxc4 5. Bxc4 e6 6. Nf3 Nf6 7. O-O Be7 8.
Nc3 Nc6 9. a3 O-O 10. Bf4 b6 11. Rc1 Bb7 12. Ba2 Rc8 13. Qd3 Re8 14. Rfd1 Bf8
15. Bg5 Ne7 16. h4 h6 17. Bxf6 gxf6 18. Ne4 Bg7 19. Rxc8 Nxc8 20. Ng3 Bd5 21.
Bxd5 Qxd5 22. Ne2 Ne7 23. Nc3 Qh5 24. Qb5 Qxb5 25. Nxb5 a6 26. Nc7 Rc8 27. Nxa6
Rc2 28. Rd2 Rxd2 29. Nxd2 f5 30. Nf3 Nc6 31. d5 exd5 32. b4 Bb2 33. a4 Bc3 34.
b5 Na5 35. Nc7 d4 36. Nd5 Nc4 37. Kf1 f6 38. Ke2 Kf7 39. Nxd4 Bxd4 40. Kd3 Bxf2
41. Kxc4 Ke6 42. Nf4+ Kd6 43. h5 Bg1 44. Ne2 Be3 45. Kd3 Bf2 46. Nf4 Ke5 47.
Ng6+ Ke6 48. Ke2 Bg3 49. Ke3 Bd6 50. Kd4 Bc5+ 51. Kd3 Bd6 52. Nh4 Bg3 53. Nf3
Bf2 54. Nd2 Ke5 55. Ke2 Bc5 56. Nb3 Kd5 57. a5 bxa5 58. Nxa5 Ke4 59. Nb7 Ba7 60.
Nd6+ Kf4 61. Nf7 Kg4 62. Nxh6+ Kg5 63. Ng8 Kxh5 64. Kf3 Kg5 65. Ne7 f4 66. Nd5
Bb8 67. b6 Kf5 68. Ne7+ Ke6 69. Nc6 Bc7 1-0

[Event "TCh-RUS Women 2019"]
[Site "Sochi RUS"]
[Date "2019.05.09"]
[Round "8.3"]
[Board "4"]
[White "Voit, Daria"]
[Black "Bulatova, Kamaliya"]
[Result "1-0"]
[WhiteTitle "WGM"]
[BlackTitle "WFM"]
[WhiteElo "2340"]
[BlackElo "2103"]
[WhiteTeam "ShSM Legacy Square Capital (Moscow)"]
[BlackTeam "Ladia (Republic of Tatarstan)"]
[WhiteFideId "4182146"]
[BlackFideId "34111546"]
[EventDate "2019.05.01"]

1. c4 e5 2. d3 g6 3. g3 Bg7 4. Bg2 d6 5. Nc3 Ne7 6. Rb1 O-O 7. e3 c6 8. Nge2 Be6
9. b4 Qd7 10. O-O Bh3 11. Bxh3 Qxh3 12. b5 Qe6 13. bxc6 bxc6 14. Qa4 Nd7 15. Ba3
f5 16. e4 f4 17. f3 g5 18. Rb7 a5 19. Nd5 Nxd5 20. cxd5 Qh3 21. dxc6 Nf6 22. Rf2
g4 23. Qb3+ Kh8 24. Qe6 Qh5 25. gxf4 Rae8 26. Qxd6 gxf3 27. Ng3 Qh3 28. Rxg7
Kxg7 29. Rxf3 Qg4 30. Kg2 exf4 31. Rxf4 Qd1 32. Bb2 Qd2+ 33. Rf2 Qg5 34. Rxf6
Rxf6 35. Bxf6+ Qxf6 36. Nh5+ 1-0

[Event "TCh-RUS Women 2019"]
[Site "Sochi RUS"]
[Date "2019.05.09"]
[Round "8.4"]
[Board "1"]
[White "Borisova, Ekaterina"]
[Black "Badelka, Olga"]
[Result "1-0"]
[BlackTitle "WIM"]
[WhiteElo "2292"]
[BlackElo "2383"]
[WhiteTeam "Devyataya Gorizontal (Moscow)"]
[BlackTeam "Istra-a.lv (Moscow)"]
[WhiteFideId "34124184"]
[BlackFideId "13509926"]
[EventDate "2019.05.01"]

1. d4 d5 2. c4 dxc4 3. e4 Nf6 4. e5 Nd5 5. Bxc4 Nb6 6. Bb3 Nc6 7. Ne2 Bf5 8.
Nbc3 e6 9. O-O Qd7 10. Be3 O-O-O 11. Qc1 f6 12. Rd1 Nb4 13. Ng3 Bg6 14. Nge4
N4d5 15. f3 Nxe3 16. Qxe3 Nd5 17. Qf2 c6 18. Rac1 Kb8 19. exf6 gxf6 20. Nxd5
exd5 21. Nxf6 Qg7 22. Ng4 Bd6 23. Re1 Rde8 24. f4 Be4 25. Ne5 c5 26. Bc2 cxd4
27. Bxe4 dxe4 28. Rxe4 Bxe5 29. fxe5 d3 30. Rd1 Qc7 31. Qe3 Rhg8 32. Rxd3 Re6
33. Rd1 Qc2 34. Qe2 Qc5+ 35. Kh1 Rf8 36. Rf1 Rfe8 37. Re1 Rf8 38. b4 Qe7 39. a4
Rc8 40. a5 a6 41. h3 Rc3 42. Qd2 Rc8 43. Rd4 Re8 44. Rd7 Qh4 45. Re2 Rc6 46. Kh2
Ka8 47. Rd4 Qe7 48. Qd3 Rg6 49. Rd7 Qxb4 50. Rxh7 Rc6 51. Qf3 Qb5 52. e6 Rc1 53.
Rg7 Qb1 54. e7 Rh1+ 55. Kg3 Qb4 56. Rg6 Qxa5 57. Ree6 Qc7+ 58. Qf4 Qc8 59. h4
Qd7 60. Qe4 Qc7+ 61. Qe5 Qc4 62. Rg4 Qd3+ 63. Qe3 Qd7 64. Rd4 Qc7+ 65. Kg4 Rg8+
66. Kh5 Rh8+ 67. Kg6 Rg8+ 68. Kf7 Rc8 69. Qf4 Qc5 70. Re5 Qc7 71. Red5 Qc2 72.
Rd8 Qh7+ 73. Kf6 Rc1 74. Qxc1 1-0

[Event "TCh-RUS Women 2019"]
[Site "Sochi RUS"]
[Date "2019.05.09"]
[Round "8.4"]
[Board "4"]
[White "Diakonova, Ekaterina"]
[Black "Ivanova, Karina"]
[Result "1/2-1/2"]
[BlackTitle "WFM"]
[WhiteElo "2211"]
[BlackElo "2096"]
[WhiteTeam "Istra-a.lv (Moscow)"]
[BlackTeam "Devyataya Gorizontal (Moscow)"]
[WhiteFideId "24172936"]
[BlackFideId "24139750"]
[EventDate "2019.05.01"]

1. e4 e6 2. d3 d5 3. Nd2 c5 4. g3 Nc6 5. Bg2 g6 6. Ne2 Bg7 7. O-O Nge7 8. exd5
Nxd5 9. Ne4 b6 10. c4 Nde7 11. Bg5 Bb7 12. Nf6+ Kf8 13. f4 Qc7 14. g4 h6 15. Bh4
Rd8 16. Nc3 Nb4 17. Bxb7 Qxb7 18. Nce4 h5 19. gxh5 gxh5 20. Qe2 Nf5 21. Nh7+
Rxh7 22. Bxd8 Bd4+ 23. Kh1 f6 24. Qf3 Nh4 25. Qh3 Nf5 26. Rg1 Qa8 27. Bc7 Na6
28. Bd6+ Nxd6 29. Qxe6 Nf7 30. Rg6 Nc7 31. Qf5 Ne8 32. Rb1 Ng7 33. Qd5 Qxd5 34.
cxd5 Ne8 35. b4 f5 36. Ng3 Ned6 37. bxc5 Bxc5 38. Ne2 b5 39. Rc1 Bb6 40. Re6 Rh6
41. Rc6 Kg7 42. Ng3 h4 43. Rxh6 Nxh6 44. Nh5+ Kg6 45. Rxd6+ Kxh5 46. Rf6 Bd4 47.
Re6 h3 48. d6 Nf7 49. d7 Kg4 50. Re8 Bb6 51. Rf8 Nd8 52. Rh8 b4 53. d4 a5 54.
Rh6 Bxd4 55. Ra6 Kxf4 56. Ra8 Bf6 57. Rxa5 Be7 58. Kg1 Kg4 59. Re5 Bg5 60. Rb5
Nc6 61. Kf1 Be7 62. Rb6 Nd8 63. Rh6 f4 64. Rg6+ Bg5 65. Rb6 Be7 66. Rg6+ Kf3 67.
Rh6 Kg4 1/2-1/2

[Event "TCh-RUS Women 2019"]
[Site "Sochi RUS"]
[Date "2019.05.10"]
[Round "9.1"]
[Board "1"]
[White "Ushenina, Anna"]
[Black "Goltseva, Ekaterina"]
[Result "0-1"]
[WhiteTitle "GM"]
[BlackTitle "FM"]
[WhiteElo "2442"]
[BlackElo "2284"]
[WhiteTeam "Yugra (KhMAO - Yugra)"]
[BlackTeam "FShNO (Nizhny Novgorod region)"]
[WhiteFideId "14110911"]
[BlackFideId "24173770"]
[EventDate "2019.05.01"]

1. d4 d5 2. Nf3 Nf6 3. c4 e6 4. Nc3 c5 5. cxd5 Nxd5 6. e4 Nxc3 7. bxc3 cxd4 8.
cxd4 Bb4+ 9. Bd2 Bxd2+ 10. Qxd2 O-O 11. Rd1 b6 12. Qe3 Bb7 13. Bd3 Nc6 14. O-O
Re8 15. Bb1 h6 16. Rfe1 Rc8 17. d5 exd5 18. e5 Ba6 19. Qf4 Bc4 20. h4 Re6 21.
Bf5 Bxa2 22. Bxe6 fxe6 23. Re3 Qe7 24. Nh2 b5 25. Rg3 Kh7 26. Ng4 Rf8 27. Qd2
Bc4 28. Qc2+ Kh8 29. Qd2 Rf7 30. Ra1 b4 31. Re1 b3 32. Ree3 Qb4 33. Qb2 Ne7 34.
Ref3 Rxf3 35. Rxf3 Nf5 36. h5 Be2 37. Qxb3 Qxg4 38. Rh3 Bc4 39. Qb8+ Kh7 40. Qe8
Nd4 41. Kh2 Ne2 42. g3 Bd3 43. Qf7 Bf5 44. Rh4 Qf3 45. Qxa7 d4 0-1

[Event "TCh-RUS Women 2019"]
[Site "Sochi RUS"]
[Date "2019.05.10"]
[Round "9.1"]
[Board "3"]
[White "Guseva, Marina"]
[Black "Shendrik, Zhanna"]
[Result "1-0"]
[WhiteTitle "IM"]
[WhiteElo "2402"]
[BlackElo "1954"]
[WhiteTeam "Yugra (KhMAO - Yugra)"]
[BlackTeam "FShNO (Nizhny Novgorod region)"]
[WhiteFideId "4149351"]
[BlackFideId "24106160"]
[EventDate "2019.05.01"]

1. d4 Nf6 2. c4 e6 3. Nf3 d5 4. Nc3 Be7 5. Bf4 O-O 6. e3 c6 7. Bd3 Nbd7 8. cxd5
exd5 9. Qc2 Re8 10. h3 Nf8 11. O-O Ng6 12. Bh2 Bd6 13. Bxd6 Qxd6 14. Rab1 a5 15.
a3 Nf8 16. Rfc1 h6 17. b4 g5 18. Ne5 N6d7 19. Nxd7 Bxd7 20. bxa5 Qxa3 21. Rxb7
Rxa5 22. Ne2 c5 23. dxc5 Ba4 24. Qb1 Rxc5 25. Rxc5 Qxc5 26. Nd4 Bd7 27. Bf5 Be6
28. Qb2 Re7 29. Rb8 Qd6 30. Rxf8+ Kxf8 31. Nb5 1-0

[Event "TCh-RUS Women 2019"]
[Site "Sochi RUS"]
[Date "2019.05.10"]
[Round "9.1"]
[Board "4"]
[White "Zavivaeva, Emilia"]
[Black "Kovanova, Baira"]
[Result "0-1"]
[WhiteTitle "WCM"]
[BlackTitle "WGM"]
[WhiteElo "1789"]
[BlackElo "2349"]
[WhiteTeam "FShNO (Nizhny Novgorod region)"]
[BlackTeam "Yugra (KhMAO - Yugra)"]
[WhiteFideId "34127531"]
[BlackFideId "4164083"]
[EventDate "2019.05.01"]

1. e4 e5 2. Nf3 Nc6 3. Nc3 Nf6 4. d4 exd4 5. Nxd4 Bc5 6. Nxc6 bxc6 7. Bd3 O-O 8.
O-O Re8 9. Bg5 h6 10. Bf4 d6 11. h3 Bd4 12. Re1 Nd7 13. Bc4 Qf6 14. Bg3 Nc5 15.
Qh5 Be6 16. Bxe6 Rxe6 17. Qf3 Qe7 18. Rad1 Rf6 19. Qg4 Bxc3 20. bxc3 Rg6 21. Qf3
Re6 22. Rd4 Re8 23. e5 dxe5 24. Rc4 a5 25. Qe3 Nd7 26. Qf3 e4 27. Qe3 Nb6 28.
Rd4 f5 29. Qd2 c5 30. Rd5 Nxd5 31. Qxd5 Qf7 32. Qxc5 f4 33. Bh2 e3 34. fxe3 fxe3
35. Bg3 e2 36. Qxc7 Qg6 37. Bf2 Qxc2 38. Qxa5 Qe4 39. c4 Qxc4 40. Qd2 Rf8 41.
Bg3 Rf1+ 42. Kh2 Rxe1 43. Bxe1 Ra6 44. Qe3 Rxa2 45. Qe5 Rc2 46. Qb8+ Kh7 47. Qb1
Qd3 48. h4 Qe4 49. Kg1 Qf5 50. Kh2 Rc5 51. Qb4 Rc1 52. Qd2 Rxe1 0-1

[Event "TCh-RUS Women 2019"]
[Site "Sochi RUS"]
[Date "2019.05.10"]
[Round "9.2"]
[Board "1"]
[White "Ovod, Evgenija"]
[Black "Borisova, Ekaterina"]
[Result "1-0"]
[WhiteTitle "IM"]
[WhiteElo "2362"]
[BlackElo "2292"]
[WhiteTeam "SShOR (St. Petersburg)"]
[BlackTeam "Devyataya Gorizontal (Moscow)"]
[WhiteFideId "4131827"]
[BlackFideId "34124184"]
[EventDate "2019.05.01"]

1. e4 c5 2. Nf3 d6 3. d4 Nf6 4. Bb5+ Bd7 5. Bxd7+ Qxd7 6. dxc5 dxc5 7. Qe2 Nc6
8. O-O e6 9. Bf4 Be7 10. Nc3 a6 11. Rad1 Qc8 12. e5 Nd7 13. Ne4 O-O 14. Bg5 Qc7
15. Bxe7 Nxe7 16. Neg5 Ng6 17. Nxh7 Rfd8 18. Nhg5 Ndxe5 19. Nd2 Rd4 20. g3 Rad8
21. f4 Nc6 22. c3 R4d5 23. Nde4 Nce7 24. Qh5 Nf5 25. Rxd5 exd5 26. Nf6+ gxf6 27.
Qh7+ Kf8 28. Ne6+ fxe6 29. Qxc7 Re8 30. Qxc5+ Kf7 31. g4 Nfh4 32. f5 Ne5 33.
fxe6+ Rxe6 34. Qxd5 Nxg4 35. Qd7+ 1-0

[Event "TCh-RUS Women 2019"]
[Site "Sochi RUS"]
[Date "2019.05.10"]
[Round "9.2"]
[Board "3"]
[White "Styazhkina, Anna"]
[Black "Tishova, Svetlana"]
[Result "1-0"]
[WhiteTitle "WIM"]
[BlackTitle "FM"]
[WhiteElo "2272"]
[BlackElo "2093"]
[WhiteTeam "SShOR (St. Petersburg)"]
[BlackTeam "Devyataya Gorizontal (Moscow)"]
[WhiteFideId "24119300"]
[BlackFideId "24173550"]
[EventDate "2019.05.01"]

1. e4 e6 2. d4 d5 3. Nd2 c5 4. dxc5 Bxc5 5. Bd3 Ne7 6. Qe2 Nbc6 7. c3 a6 8. a4
O-O 9. Ngf3 Ng6 10. Nb3 dxe4 11. Bxe4 Bd6 12. O-O Qc7 13. h4 Nf4 14. Bxf4 Bxf4
15. g3 Bd6 16. Rad1 f5 17. Bd3 Rf6 18. Nbd4 e5 19. Bc4+ Kh8 20. Nxc6 bxc6 21.
Ng5 Bf8 22. Ba2 Bb7 23. Nxh7 Rh6 24. Ng5 c5 25. Nf7+ Kh7 26. Nxh6 Kxh6 27. Qc4
Qc6 28. Qe6+ g6 29. Qxc6 Bxc6 30. Bd5 Rc8 31. Bxc6 Rxc6 32. Rd8 Be7 33. Rd7 Re6
34. Rfd1 e4 35. Rb7 Kh5 36. Kg2 Kg4 37. a5 f4 38. Rb6 f3+ 39. Kh2 Rf6 40. Rd5
Rxb6 41. axb6 1-0

[Event "TCh-RUS Women 2019"]
[Site "Sochi RUS"]
[Date "2019.05.10"]
[Round "9.3"]
[Board "1"]
[White "Schepetkova, Margarita"]
[Black "Shuvalova, Polina"]
[Result "1/2-1/2"]
[WhiteTitle "WIM"]
[BlackTitle "WIM"]
[WhiteElo "2224"]
[BlackElo "2439"]
[WhiteTeam "Bukavushki (Samara region)"]
[BlackTeam "ShSM Legacy Square Capital (Moscow)"]
[WhiteFideId "4189949"]
[BlackFideId "24171760"]
[EventDate "2019.05.01"]

1. d4 Nf6 2. c4 e6 3. g3 d5 4. Bg2 Bb4+ 5. Nd2 O-O 6. Nf3 dxc4 7. Qc2 a5 8. O-O
b5 9. a4 c6 10. b3 cxb3 11. Nxb3 bxa4 12. Nc5 Nbd7 13. Nd3 Ba6 14. Nxb4 axb4 15.
Rxa4 Nd5 16. Re1 Qb6 17. Ng5 g6 18. Bb2 Qb5 19. Raa1 N7b6 20. Qe4 h6 21. Nf3 Nc4
22. Bc1 Kg7 23. Qh4 Rh8 24. e4 Nc3 25. d5 cxd5 26. exd5 Nxd5 27. Nd4 Qd7 28.
Bxd5 Qxd5 29. Nxe6+ fxe6 30. Qe7+ Kg8 31. Rxe6 Qd1+ 32. Kg2 Ne5 33. Rxg6+ Nxg6
34. Qe6+ Kf8 35. Bxh6+ Rxh6 36. Qf5+ Kg7 37. Rxd1 Bb7+ 38. Kg1 Bc6 39. Rc1 Rf8
40. Qg5 Bd7 41. Rc7 Rf7 42. h4 b3 43. h5 b2 44. Rb7 Bc6 45. Rxf7+ Kxf7 46. hxg6+
Kg7 47. Qe7+ Kxg6 48. Qe6+ Kg7 49. Qe7+ Kg8 50. Qd8+ Kf7 51. Qc7+ Ke8 52. Qc8+
Ke7 53. Qc7+ Ke8 54. Qc8+ Ke7 55. Qc7+ Ke8 1/2-1/2

[Event "TCh-RUS Women 2019"]
[Site "Sochi RUS"]
[Date "2019.05.10"]
[Round "9.3"]
[Board "3"]
[White "Chan, Naruna"]
[Black "Bivol, Alina"]
[Result "0-1"]
[BlackTitle "WGM"]
[WhiteElo "1985"]
[BlackElo "2393"]
[WhiteTeam "Bukavushki (Samara region)"]
[BlackTeam "ShSM Legacy Square Capital (Moscow)"]
[WhiteFideId "24124290"]
[BlackFideId "4100123"]
[EventDate "2019.05.01"]

1. e4 e6 2. d4 d5 3. Nd2 c5 4. exd5 exd5 5. Ngf3 Nf6 6. Bb5+ Bd7 7. Bxd7+ Nbxd7
8. O-O Be7 9. Re1 O-O 10. dxc5 Nxc5 11. Nb3 Nce4 12. h3 Re8 13. Be3 Qd7 14. c3
b5 15. Qd3 a5 16. Red1 Qb7 17. Nbd4 b4 18. cxb4 axb4 19. Nf5 Bc5 20. Bxc5 Nxc5
21. Qd4 Ne6 22. Qh4 Qb6 23. Nh6+ Kf8 24. Ng4 Nxg4 25. hxg4 Kg8 26. Rxd5 Nf4 27.
Rd2 Ng6 28. Qh2 Red8 29. Qg3 Rxd2 30. Nxd2 Qd4 31. Qf3 Re8 32. Nb3 Qxb2 33. Qd1
Nf4 34. Qd2 Ne2+ 35. Kf1 Qe5 36. f3 Qh2 37. Kf2 Nf4 0-1

[Event "TCh-RUS Women 2019"]
[Site "Sochi RUS"]
[Date "2019.05.10"]
[Round "9.3"]
[Board "4"]
[White "Voit, Daria"]
[Black "Azimova, Karina"]
[Result "1/2-1/2"]
[WhiteTitle "WGM"]
[BlackTitle "WFM"]
[WhiteElo "2340"]
[BlackElo "2072"]
[WhiteTeam "ShSM Legacy Square Capital (Moscow)"]
[BlackTeam "Bukavushki (Samara region)"]
[WhiteFideId "4182146"]
[BlackFideId "4108310"]
[EventDate "2019.05.01"]

1. c4 d6 2. Nc3 e5 3. Nf3 f5 4. d4 e4 5. Ng5 Be7 6. Nh3 Nf6 7. e3 c6 8. Be2 O-O
9. O-O Kh8 10. d5 Nbd7 11. b3 Ne5 12. Bb2 Qe8 13. dxc6 bxc6 14. Ba3 Qg6 15. Bxd6
Rd8 16. c5 Nf7 17. Nf4 Qh6 18. Bxe7 Rxd1 19. Raxd1 g5 20. Bc4 Kg7 21. Nh3 a5 22.
Rd4 Ra7 23. Bxf6+ Qxf6 24. Rfd1 Be6 25. Bxe6 Qxe6 26. Na4 Qe7 27. Kf1 h6 28. Ng1
Qe5 29. h3 Re7 30. Ne2 f4 31. Kg1 Qf5 32. Nac3 h5 33. Rc4 h4 34. Nd4 Qc8 35. Nc2
Qf5 36. Nd4 Qc8 37. Nc2 Qf5 38. Nd4 Qc8 39. Nc2 1/2-1/2

[Event "TCh-RUS Women 2019"]
[Site "Sochi RUS"]
[Date "2019.05.10"]
[Round "9.4"]
[Board "1"]
[White "Loskutova, Viktoriya"]
[Black "Badelka, Olga"]
[Result "0-1"]
[WhiteTitle "WFM"]
[BlackTitle "WIM"]
[WhiteElo "2096"]
[BlackElo "2383"]
[WhiteTeam "Altai Territory"]
[BlackTeam "Istra-a.lv (Moscow)"]
[WhiteFideId "34166278"]
[BlackFideId "13509926"]
[EventDate "2019.05.01"]

1. e4 c5 2. Nf3 Nc6 3. d4 cxd4 4. Nxd4 e5 5. Nb5 d6 6. c4 Be7 7. N1c3 a6 8. Na3
f5 9. exf5 Bxf5 10. Bd3 Be6 11. Nc2 Nf6 12. O-O Qd7 13. Ne3 O-O 14. Ncd5 Bd8 15.
b3 Nd4 16. Bb2 Nxd5 17. cxd5 Bf7 18. Nc2 Nxc2 19. Qxc2 h6 20. Be4 Bb6 21. Kh1
Qg4 22. Qd3 Be8 23. a4 Bd7 24. f3 Qh4 25. Bc3 Rac8 26. Be1 Qf6 27. Bd2 Bc5 28.
Rfc1 g5 29. Be3 Bxe3 30. Qxe3 Qf4 31. Qxf4 exf4 32. Kg1 Kf7 33. Kf2 Kf6 34. Ke2
Rxc1 35. Rxc1 Rc8 36. Rb1 b5 37. axb5 Bxb5+ 38. Bd3 Rc2+ 0-1

[Event "TCh-RUS Women 2019"]
[Site "Sochi RUS"]
[Date "2019.05.10"]
[Round "9.4"]
[Board "2"]
[White "Dordzhieva, Dinara"]
[Black "Zakharova, Viktoriya"]
[Result "1-0"]
[WhiteTitle "WIM"]
[WhiteElo "2280"]
[BlackElo "1926"]
[WhiteTeam "Istra-a.lv (Moscow)"]
[BlackTeam "Altai Territory"]
[WhiteFideId "24157570"]
[BlackFideId "24183890"]
[EventDate "2019.05.01"]

1. d4 d5 2. Nf3 Nf6 3. Bf4 e6 4. e3 c5 5. c3 Nc6 6. Nbd2 Be7 7. h3 a6 8. Bd3 b6
9. O-O Bb7 10. Qe2 O-O 11. Bh2 g6 12. Rad1 Nd7 13. a3 Re8 14. Rfe1 Bf8 15. dxc5
Nxc5 16. Bb1 Qe7 17. e4 Na4 18. Nb3 Rad8 19. exd5 Rxd5 20. Rxd5 exd5 21. Qd2 Qd8
22. Rd1 h6 23. Bf4 Kh7 24. h4 d4 25. cxd4 Qd5 26. Nc1 Bg7 27. Ba2 Qf5 28. Bg3
Rd8 29. Ne2 Ne7 30. Ne5 Nd5 31. Bb1 Qe6 32. h5 Ne7 33. hxg6+ fxg6 34. Nf4 Qxe5
35. dxe5 Rxd2 36. Rxd2 Bc8 37. Nxg6 Nxg6 38. Rd6 1-0

[Event "TCh-RUS Women 2019"]
[Site "Sochi RUS"]
[Date "2019.05.10"]
[Round "9.4"]
[Board "3"]
[White "Degtyareva, Kristina"]
[Black "Maltsevskaya, Aleksandra"]
[Result "0-1"]
[BlackTitle "WGM"]
[WhiteElo "1812"]
[BlackElo "2299"]
[WhiteTeam "Altai Territory"]
[BlackTeam "Istra-a.lv (Moscow)"]
[WhiteFideId "34193747"]
[BlackFideId "24174041"]
[EventDate "2019.05.01"]

1. e4 c5 2. Nf3 Nc6 3. d4 cxd4 4. Nxd4 g6 5. Nc3 Bg7 6. Be3 Nf6 7. f3 O-O 8. Qd2
d5 9. Nxc6 bxc6 10. e5 Nd7 11. f4 e6 12. Qf2 f6 13. exf6 Qxf6 14. Rd1 e5 15. g3
Qe7 16. Bg2 exf4 17. gxf4 d4 18. Bxc6 dxe3 19. Qg3 Qc5 20. Bd5+ Kh8 21. Ne4 Qb4+
22. c3 Qxb2 23. Qxe3 Nf6 24. Nxf6 Bxf6 25. O-O Rb8 26. Rb1 Qxb1 27. Rxb1 Rxb1+
28. Kg2 Rb2+ 29. Kg1 Bf5 30. Bb3 Rc8 31. c4 Rd8 0-1

[Event "TCh-RUS Women 2019"]
[Site "Sochi RUS"]
[Date "2019.05.10"]
[Round "9.4"]
[Board "4"]
[White "Diakonova, Ekaterina"]
[Black "Makarova, Ekaterina"]
[Result "1-0"]
[WhiteElo "2211"]
[BlackElo "1630"]
[WhiteTeam "Istra-a.lv (Moscow)"]
[BlackTeam "Altai Territory"]
[WhiteFideId "24172936"]
[BlackFideId "34127175"]
[EventDate "2019.05.01"]

1. e4 e5 2. Nf3 Nc6 3. Bb5 a6 4. Ba4 d6 5. d4 b5 6. Bb3 Nxd4 7. Nxd4 exd4 8. Bd5
Rb8 9. Bc6+ Bd7 10. Bxd7+ Qxd7 11. Qxd4 Qc6 12. Nc3 Be7 13. Qxg7 Bf6 14. Qg3
Bxc3+ 15. Qxc3 Qxe4+ 16. Be3 f6 17. Qxc7 Rb7 18. Qc8+ Kf7 19. O-O-O Kg7 20. Rhe1
Rf7 21. Bh6+ Nxh6 22. Qxh8+ Kxh8 23. Rxe4 Rd7 24. Re6 Nf7 25. Rxf6 Kg7 26. Rf5
Re7 27. g4 Nh6 28. Rg5+ Kf6 29. h4 Nf7 30. Rf5+ Kg6 31. h5+ Kg7 32. f4 h6 33. g5
hxg5 34. fxg5 Rd7 35. Rf6 Nxg5 36. Rg6+ 1-0